[Event "Olimpiade 2024 - Donne"]
[Site "Budapest"]
[Date "18.09.2024"]
[Round "7.48"]
[Board "1"]
[White "Monroy G., Nataly A."]
[Black "Chen, Chi"]
[Result "1-0"]
[WhiteTitle "WIM"]
[WhiteElo "1939"]
[BlackElo "1746"]
[WhiteTeam "Bolivia"]
[BlackTeam "Chinese Taipei"]
[WhiteFideId "3304019"]
[BlackFideId "16301633"]
[EventDate "2024.09.11"]

1. d4 Nf6 2. Nf3 d5 3. g3 Bf5 4. Bg2 e6 5. O-O Nbd7 6. c4 c6 7. Nfd2 Be7 8. Nc3
O-O 9. e4 dxe4 10. Ndxe4 Nxe4 11. Nxe4 Nf6 12. Re1 Nxe4 13. Bxe4 Bxe4 14. Rxe4
Qb6 15. Qc2 Bf6 16. Be3 Rfd8 17. Rd1 Rd7 18. b3 Qa5 19. c5 Rd5 20. Rd2 Rad8 21.
Qc4 g6 22. b4 Qa6 23. Qxa6 bxa6 24. f4 Bg7 25. Bf2 h5 26. Kg2 Kf8 27. h3 Ke7 28.
a3 Bf6 29. g4 hxg4 30. hxg4 Rh8 31. g5 Bg7 32. Re1 Rdd8 33. Rd3 Kd7 34. a4 Kc7
35. Rb1 Rh5 36. b5 axb5 37. axb5 cxb5 38. Rxb5 Rdh8 39. Ra5 Rh2+ 40. Kf3 Ra8 41.
Bg3 Rc2 42. f5+ Kd7 43. f6 Bxf6 44. gxf6 Rb2 45. Ra6 Rb5 46. Rda3 Kc8 47. Rxa7
Rb3+ 48. Rxb3 Rxa7 49. c6 Ra8 50. Rb7 Kd8 51. Rxf7 Ke8 52. Rh7 Ra3+ 53. Kg4 Ra4
54. f7+ Ke7 55. Bd6+ Kxd6 56. f8=Q+ 1-0

[Event "Olimpiade 2024 - Donne"]
[Site "Budapest"]
[Date "18.09.2024"]
[Round "7.48"]
[Board "2"]
[White "Shih, Ching-An"]
[Black "Yepez Montenegro, Gloria Luz"]
[Result "0-1"]
[WhiteTitle "WFM"]
[WhiteElo "1734"]
[BlackElo "1818"]
[WhiteTeam "Chinese Taipei"]
[BlackTeam "Bolivia"]
[WhiteFideId "16300653"]
[BlackFideId "3318001"]
[EventDate "2024.09.11"]

1. c4 e6 2. Nf3 d5 3. d4 Nf6 4. e3 c6 5. Nbd2 Bd6 6. Be2 Nbd7 7. O-O O-O 8. b3
e5 9. dxe5 Nxe5 10. Bb2 Qe7 11. cxd5 Nxd5 12. Nc4 Nxc4 13. Bxc4 Nf6 14. h3 Bf5
15. Qe2 Rad8 16. Rfd1 Rd7 17. Nh4 Be4 18. Bd3 Bxd3 19. Rxd3 Qe6 20. Rad1 Rfd8
21. Nf3 Bc7 22. Rxd7 Rxd7 23. Rxd7 Nxd7 24. Qd3 Qd6 25. Qd4 Qxd4 26. Bxd4 c5 27.
Bc3 f6 28. Kf1 Kf7 29. Ke2 Ke6 30. Kd3 b5 31. a3 Nb6 32. Nd2 Nd7 33. Nf3 a6 34.
g3 Bd6 35. Bb2 Nb6 36. Nd2 a5 37. f4 a4 38. bxa4 Nxa4 39. Bc1 c4+ 40. Kc2 Kd5
41. Nf3 Bc5 42. g4 g6 43. h4 Ke4 44. Nd2+ Kxe3 45. Nxc4+ Kf3 46. Na5 Kxg4 47.
Nb3 Bb6 48. Nd2 f5 49. Kd3 Kxh4 50. Nf3+ Kg3 51. Ne5 h5 52. Nxg6 h4 53. Ne7 h3
54. Nxf5+ Kg2 55. Nh4+ Kf2 0-1

[Event "Olimpiade 2024 - Donne"]
[Site "Budapest"]
[Date "18.09.2024"]
[Round "7.48"]
[Board "3"]
[White "Gareca Ordonez, Carla Angelica"]
[Black "Chen, I-Chen"]
[Result "1-0"]
[BlackTitle "WFM"]
[WhiteElo "1778"]
[BlackElo "1771"]
[WhiteTeam "Bolivia"]
[BlackTeam "Chinese Taipei"]
[WhiteFideId "3332187"]
[BlackFideId "16300181"]
[EventDate "2024.09.11"]

1. Nf3 d5 2. g3 e6 3. Bg2 Nf6 4. d3 c5 5. Nbd2 Nc6 6. e4 dxe4 7. dxe4 e5 8. O-O
Be7 9. c3 O-O 10. Qc2 Bd7 11. Nc4 Qc7 12. Ne3 Bd6 13. Rd1 Rad8 14. Nd5 Nxd5 15.
exd5 Ne7 16. Nh4 f5 17. Bg5 Rde8 18. Re1 Qc8 19. Rad1 Rf7 20. Bf3 g6 21. c4 Qc7
22. Bg2 Kg7 23. Bd2 Kg8 24. Bh6 Nc8 25. Nf3 Bf8 26. d6 Bxd6 27. Ng5 Rf6 28. Bd5+
Be6 29. Nxe6 Rfxe6 30. Qd2 Kh8 31. Bxe6 Rxe6 32. Qd5 Qe7 33. Bg5 Qe8 34. Qxb7
Kg8 35. Rd2 Qf8 36. Red1 Be7 37. Qd7 Rd6 38. Rxd6 Bxd6 39. Qe6+ Qf7 40. Qxc8+ 1-0

[Event "Olimpiade 2024 - Donne"]
[Site "Budapest"]
[Date "18.09.2024"]
[Round "7.48"]
[Board "4"]
[White "Tsai, Sophie Yi-Hsuan"]
[Black "Molina, Jessica"]
[Result "0-1"]
[WhiteTitle "WCM"]
[BlackTitle "WFM"]
[WhiteElo "1668"]
[BlackElo "1945"]
[WhiteTeam "Chinese Taipei"]
[BlackTeam "Bolivia"]
[WhiteFideId "16302087"]
[BlackFideId "3303888"]
[EventDate "2024.09.11"]

1. e4 c6 2. d4 d5 3. exd5 cxd5 4. Bd3 Nc6 5. c3 Nf6 6. Bf4 g6 7. Qc2 Bg7 8. Nd2
Bd7 9. Ngf3 O-O 10. O-O Rc8 11. a3 Nh5 12. Be3 Qc7 13. Rae1 a6 14. h3 Rfe8 15.
Nb3 Nf4 16. Bxf4 Qxf4 17. Re3 e5 18. Nxe5 Nxe5 19. dxe5 Bxe5 20. g3 Qf6 21. Qe2
Bb8 22. Kg2 Rxe3 23. fxe3 Qe6 24. Rh1 Re8 25. Kf2 Qe5 26. Qf3 Re6 27. Ke2 Rf6
28. Qg2 Qxg3 29. Qxg3 Bxg3 30. Nc5 Rf2+ 31. Kd1 Bc6 32. Rg1 Bh2 33. Rg4 Rxb2 34.
Kc1 Ra2 35. a4 Bd6 36. Nb3 h5 37. Rg5 Rxa4 38. Nd4 Be7 39. Rg2 Ra1+ 40. Kb2 Rh1
41. Nf5 Kf8 42. Nd4 Rxh3 43. Rf2 Kg7 44. Rg2 h4 45. Bf1 Rg3 46. Rxg3 hxg3 47.
Kc2 Bc5 48. Ne2 Bxe3 49. Nxg3 f5 50. Bd3 f4 51. Nf1 Ba4+ 52. Kb2 g5 53. Bf5 Bb5
54. Nh2 Be2 55. Bc8 b5 56. Kc2 a5 57. Be6 d4 58. cxd4 Bxd4 59. Bd7 Bg1 0-1

[Event "Olimpiade 2024 - Donne"]
[Site "Budapest"]
[Date "18.09.2024"]
[Round "7.49"]
[Board "1"]
[White "Clarke, Adani"]
[Black "Fawaz, Nadia"]
[Result "1/2-1/2"]
[WhiteTitle "WFM"]
[WhiteElo "1919"]
[BlackElo "1747"]
[WhiteTeam "Jamaica"]
[BlackTeam "Lebanon"]
[WhiteFideId "7402082"]
[BlackFideId "5309743"]
[EventDate "2024.09.11"]

1. d4 d5 2. c4 e6 3. Nf3 Nf6 4. Bg5 Be7 5. Nc3 h6 6. Bh4 c6 7. e3 O-O 8. Bd3
Nbd7 9. O-O a5 10. Rc1 dxc4 11. Bxc4 b5 12. Bd3 Bb7 13. Qe2 Nd5 14. Bxe7 Qxe7
15. Ne4 e5 16. dxe5 Nxe5 17. Nxe5 Qxe5 18. Nc5 Bc8 19. Be4 Re8 20. Rfd1 Ne7 21.
Bf3 Be6 22. Nxe6 Qxe6 23. a3 Rac8 24. Rc5 Rc7 25. Rdc1 Rec8 26. Qd2 Qb3 27. Bd1
Qe6 28. Qxa5 Rd7 29. Bf3 Nd5 30. Bxd5 Rxd5 31. Qc3 Qd6 32. Rxd5 Qxd5 33. Qc5
Qxc5 34. Rxc5 Kf8 35. Kf1 Ke7 36. Ke2 Kd6 37. Rc2 c5 38. Rd2+ Ke6 39. e4 b4 40.
Rc2 bxa3 41. bxa3 Ra8 42. Rc3 Ra4 43. Ke3 Kd6 44. Kf4 c4 45. Ke3 Kc5 46. f4 Ra6
47. g4 Rb6 48. h4 Rb1 49. e5 Kd5 50. a4 Ra1 51. Rc2 Ra3+ 52. Ke2 Rxa4 53. Rd2+
Ke6 54. Rd6+ Ke7 55. Rc6 Kd7 56. Rc5 Ra2+ 57. Ke3 Rh2 58. h5 Rh3+ 59. Ke4 c3 60.
Kf5 Rf3 61. Rc4 Rh3 62. Ke4 Rg3 63. Kf5 Rh3 64. Ke4 1/2-1/2

[Event "Olimpiade 2024 - Donne"]
[Site "Budapest"]
[Date "18.09.2024"]
[Round "7.49"]
[Board "2"]
[White "Attieh, Skye"]
[Black "Miller, Rachel"]
[Result "1-0"]
[BlackTitle "CM"]
[WhiteElo "1675"]
[BlackElo "1912"]
[WhiteTeam "Lebanon"]
[BlackTeam "Jamaica"]
[WhiteFideId "5313570"]
[BlackFideId "7401302"]
[EventDate "2024.09.11"]

1. e4 e5 2. Nf3 Nc6 3. Bc4 Bc5 4. c3 Nf6 5. d3 d6 6. Nbd2 a5 7. a4 O-O 8. Bb3
Be6 9. h3 Bxb3 10. Nxb3 Ba7 11. O-O d5 12. Qe2 Nh5 13. Kh1 dxe4 14. dxe4 Qf6 15.
Bg5 Qg6 16. Rad1 h6 17. Bc1 Qe6 18. Rd5 f5 19. Nc5 Qf7 20. Nxe5 Nxe5 21. Rxe5
Rae8 22. Rxe8 Rxe8 23. Nxb7 fxe4 24. Be3 Rf8 25. Kh2 Bb6 26. Bxb6 cxb6 27. Qxe4
Qc7+ 28. Kg1 Rf7 29. Qd5 Nf4 30. Qd8+ Qxd8 31. Nxd8 Rf6 32. Rd1 Kf8 33. Kf1 Ke7
34. Nb7 Ng6 35. b4 axb4 36. cxb4 Ne5 37. a5 bxa5 38. Re1 Rb6 39. Nxa5 Re6 40.
Rxe5 Rxe5 41. Nc6+ Kd6 42. Nxe5 Kxe5 43. Ke2 Kd4 44. Kf3 Kc4 45. Kf4 Kxb4 46.
Kf5 Kc3 47. Kg6 Kd2 48. Kxg7 Ke2 49. Kxh6 Kxf2 50. g4 Kg3 51. g5 Kxh3 52. g6 Kh2
53. g7 Kg1 54. g8=Q+ Kh1 55. Kh5 Kh2 56. Kh4 Kh1 57. Qa2 Kg1 58. Kg3 Kh1 59.
Qh2# 1-0

[Event "Olimpiade 2024 - Donne"]
[Site "Budapest"]
[Date "18.09.2024"]
[Round "7.49"]
[Board "3"]
[White "Brown, Raehanna"]
[Black "Al Asmar, Remy"]
[Result "1/2-1/2"]
[WhiteTitle "WFM"]
[WhiteElo "1910"]
[BlackElo "1661"]
[WhiteTeam "Jamaica"]
[BlackTeam "Lebanon"]
[WhiteFideId "7402740"]
[BlackFideId "5319935"]
[EventDate "2024.09.11"]

1. c4 c6 2. e4 d5 3. exd5 cxd5 4. cxd5 Nf6 5. Nc3 Nxd5 6. Nf3 Nc6 7. d4 g6 8.
Bc4 Nb6 9. Bb3 Bg7 10. Be3 O-O 11. h3 Na5 12. O-O Nxb3 13. axb3 Nd5 14. Qd2 b6
15. Bh6 Bb7 16. Bxg7 Kxg7 17. Rfe1 a6 18. Qe2 e6 19. Qe5+ Qf6 20. Ne4 Qxe5 21.
dxe5 Nb4 22. Ra4 a5 23. Re2 Bxe4 24. Rxe4 Rfd8 25. Ra1 Rab8 26. Rc1 Rb7 27. Rec4
h6 28. Rc8 Rxc8 29. Rxc8 Rd7 30. Rb8 Rd1+ 31. Kh2 Nd5 32. Rb7 Rd3 33. h4 Kf8 34.
Rb8+ Kg7 35. Rb7 Kf8 36. Rb8+ Kg7 37. Rb7 1/2-1/2

[Event "Olimpiade 2024 - Donne"]
[Site "Budapest"]
[Date "18.09.2024"]
[Round "7.49"]
[Board "4"]
[White "Darweeche, Roaa"]
[Black "Watson, Gabriella"]
[Result "0-1"]
[WhiteElo "1557"]
[BlackElo "1826"]
[WhiteTeam "Lebanon"]
[BlackTeam "Jamaica"]
[WhiteFideId "5313082"]
[BlackFideId "7402538"]
[EventDate "2024.09.11"]

1. Nf3 d5 2. c4 c6 3. d4 Nf6 4. Nc3 dxc4 5. e3 Bf5 6. Bxc4 e6 7. a3 Nbd7 8. O-O
Bd6 9. h3 Qc7 10. b4 O-O 11. Nh4 Bg6 12. Nxg6 hxg6 13. Bd2 e5 14. Qb3 exd4 15.
exd4 Rad8 16. Be3 Nb6 17. Bd3 Nbd5 18. Nxd5 Nxd5 19. Bg5 Be7 20. Be3 Bf6 21.
Rac1 Rfe8 22. Bb1 Nxe3 23. fxe3 Rxe3 24. Qa2 Bxd4 25. Kh1 Re6 26. Rcd1 Kh7 27.
Qc4 Bf6 28. Bd3 Re3 29. Bb1 Rxd1 30. Rxd1 Qg3 31. Qf1 Be5 32. Qg1 Bf4 33. a4 Qh4 0-1

[Event "Olimpiade 2024 - Donne"]
[Site "Budapest"]
[Date "18.09.2024"]
[Round "7.50"]
[Board "1"]
[White "Castillo Beitia, Ashley Alexandra"]
[Black "Lieketseng, Ngatane"]
[Result "1-0"]
[WhiteTitle "WFM"]
[BlackTitle "WFM"]
[WhiteElo "2071"]
[BlackElo "1651"]
[WhiteTeam "Panama"]
[BlackTeam "Lesotho"]
[WhiteFideId "6606687"]
[BlackFideId "21300585"]
[EventDate "2024.09.11"]

1. d4 d5 2. c4 e6 3. Nc3 Nf6 4. cxd5 exd5 5. Bg5 Be7 6. e3 c6 7. Bd3 Be6 8. Nge2
Nh5 9. Bxe7 Qxe7 10. Ng3 Nf6 11. O-O O-O 12. Re1 Re8 13. Qc2 Nbd7 14. Rad1 Rad8
15. f3 Nf8 16. Qa4 a6 17. Qa5 Bc8 18. Na4 N6d7 19. e4 dxe4 20. fxe4 Qf6 21. e5
Qf4 22. Kh1 Ne6 23. Rf1 Qg5 24. Ne4 Qe7 25. Nd6 Rf8 26. Bc4 Kh8 27. Nxf7+ Rxf7
28. Rxf7 Qxf7 29. Qxd8+ Nxd8 30. Bxf7 Nxf7 31. e6 Kg8 32. exd7 Bxd7 33. Nc5 Bc8
34. d5 cxd5 35. Rxd5 Kf8 36. Kg1 Ke7 37. Kf2 b6 38. Na4 b5 39. Nc5 g6 40. Kg3 g5
41. Rd3 h5 42. Ra3 Nd6 43. b3 Nf5+ 44. Kf2 Nd4 45. Nxa6 Kd6 46. Nb4 Bb7 47. Nd3
Kc7 48. b4 Kd6 49. Nc5 Bc8 50. Ne4+ Ke5 51. Nxg5 Nc2 52. Nf3+ Kf4 53. Rc3 Bf5
54. Rc5 Nxb4 55. g3+ Ke4 56. Re5+ 1-0

[Event "Olimpiade 2024 - Donne"]
[Site "Budapest"]
[Date "18.09.2024"]
[Round "7.50"]
[Board "2"]
[White "Ntsielo, Bonolo"]
[Black "Vasquez Jaen, Lourdes Lorena"]
[Result "1-0"]
[WhiteElo "1757"]
[BlackElo "1821"]
[WhiteTeam "Lesotho"]
[BlackTeam "Panama"]
[WhiteFideId "21301921"]
[BlackFideId "6605559"]
[EventDate "2024.09.11"]

1. Nf3 g6 2. d3 d5 3. g3 Bg7 4. Bg2 e5 5. Nbd2 Ne7 6. e4 O-O 7. O-O Nbc6 8. Re1
d4 9. a4 h6 10. Nc4 Be6 11. Ncd2 Kh7 12. Nh4 g5 13. Nhf3 Ng6 14. Nf1 Qe7 15. b3
Rac8 16. Qd2 Nb4 17. h3 c5 18. Bb2 Rfd8 19. a5 b5 20. axb6 axb6 21. Qe2 b5 22.
Ra5 Qd7 23. Kh2 c4 24. bxc4 bxc4 25. Ba3 cxd3 26. cxd3 Bf8 27. Rc1 Rxc1 28. Bxc1
Rc8 29. Bd2 Qc7 30. Rb5 Na2 31. Qe1 Nc3 32. Bxc3 dxc3 33. Qc1 c2 34. Ne3 Ba3 35.
Qxc2 Qxc2 36. Nxc2 Rxc2 37. Nxe5 Nxe5 38. Rxe5 Bb2 39. Rb5 Rxf2 40. Kg1 Rd2 41.
e5 Bd4+ 42. Kh2 Rxd3 43. Be4+ Kg7 44. Bxd3 Be3 45. Kg2 Bd7 46. Rb1 Bc6+ 47. Kf1
Bd4 48. Re1 Bd5 49. g4 Bc3 50. Rc1 Bd2 51. Rc5 Be6 52. Bc4 Bxc4+ 53. Rxc4 Bf4
54. Rc5 h5 55. Ke2 hxg4 56. hxg4 Kf8 57. Kf3 Ke7 58. Ke4 Bd2 59. Kf5 Be3 60.
Rc7+ Ke8 61. Kf6 Bf4 62. Rb7 Bg3 63. Rb8+ Kd7 64. Rf8 Bf4 65. Rxf7+ Ke8 66. e6
Bd2 67. Rb7 Bc3+ 68. Kxg5 1-0

[Event "Olimpiade 2024 - Donne"]
[Site "Budapest"]
[Date "18.09.2024"]
[Round "7.50"]
[Board "3"]
[White "Caicedo Rios, Layla Yasmira"]
[Black "lintle molise"]
[Result "1/2-1/2"]
[WhiteElo "1803"]
[BlackElo "1583"]
[WhiteTeam "Panama"]
[BlackTeam "Lesotho"]
[WhiteFideId "6609279"]
[BlackFideId "21303185"]
[EventDate "2024.09.11"]

1. e4 d6 2. d4 e5 3. dxe5 dxe5 4. Qxd8+ Kxd8 5. Nf3 Bd6 6. Bc4 Ke7 7. Nc3 c6 8.
Be3 Be6 9. Bxe6 Kxe6 10. O-O-O h6 11. Rd3 Nf6 12. Rhd1 Bc7 13. h3 Nbd7 14. Nd2
Rhd8 15. Nc4 Nb6 16. Nxb6 Bxb6 17. Rxd8 Bxd8 18. Bc5 Bc7 19. Rd3 b6 20. Be3 Rd8
21. Kd2 Rxd3+ 22. Kxd3 Nd7 23. b4 a6 24. a4 b5 25. axb5 axb5 26. Nb1 Bb6 27.
Bxb6 Nxb6 28. Na3 f5 29. exf5+ Kxf5 30. c4 bxc4+ 31. Nxc4 Nd5 32. Ne3+ Nxe3 33.
Kxe3 h5 34. g3 g6 35. f3 g5 36. g4+ hxg4 37. hxg4+ Kf6 38. Kd3 Ke6 39. Ke4 Kf6
40. Kd3 Ke6 41. Ke4 Kf6 42. Kd3 Ke6 43. Ke4 1/2-1/2

[Event "Olimpiade 2024 - Donne"]
[Site "Budapest"]
[Date "18.09.2024"]
[Round "7.50"]
[Board "4"]
[White "Thetsane, Nteboheleng"]
[Black "Carrillo Marval, Maria Angelica"]
[Result "0-1"]
[BlackTitle "WCM"]
[WhiteElo "1645"]
[BlackElo "1795"]
[WhiteTeam "Lesotho"]
[BlackTeam "Panama"]
[WhiteFideId "21301930"]
[BlackFideId "3911853"]
[EventDate "2024.09.11"]

1. e4 c5 2. Nf3 d6 3. d4 cxd4 4. Nxd4 Nf6 5. Nc3 g6 6. Be3 Bg7 7. f3 O-O 8. Bc4
Nc6 9. Qd2 Nxd4 10. Bxd4 Be6 11. Be2 a6 12. O-O-O Qa5 13. Kb1 Rfc8 14. Nd5 Qxd2
15. Rxd2 Nxd5 16. exd5 Bh6 17. Rdd1 Bxd5 18. Rhe1 e6 19. Bf6 Bg7 20. Be7 Bf8 21.
Bf6 Bc4 22. b3 Bxe2 23. Rxe2 b5 24. g4 d5 25. h4 Bg7 26. Be7 Rc3 27. Rf2 a5 28.
h5 a4 29. Bb4 axb3 30. cxb3 Rxb3+ 31. axb3 Ra1+ 32. Kc2 Ra2+ 33. Kd3 Rxf2 34.
Rc1 h6 35. Rc8+ Kh7 36. Rc7 Rxf3+ 37. Ke2 Be5 38. Rd7 Rf4 39. Bc5 Kg7 40. Rd8
Rxg4 41. Bf8+ Kf6 42. hxg6 Kxg6 43. Be7 h5 44. Ke3 0-1

[Event "Olimpiade 2024 - Donne"]
[Site "Budapest"]
[Date "18.09.2024"]
[Round "7.51"]
[Board "1"]
[White "Sulyok, Eszter"]
[Black "Mongeli, Sasha"]
[Result "1-0"]
[BlackTitle "WFM"]
[WhiteElo "2080"]
[BlackElo "1819"]
[WhiteTeam "Hungary C"]
[BlackTeam "Kenya"]
[WhiteFideId "769762"]
[BlackFideId "10809090"]
[EventDate "2024.09.11"]

1. Nf3 Nf6 2. g3 b6 3. Bg2 Bb7 4. O-O g6 5. b3 Bg7 6. Bb2 O-O 7. c4 c5 8. Na3
Nc6 9. d4 Nxd4 10. Nxd4 Bxg2 11. Kxg2 cxd4 12. Bxd4 d5 13. Rc1 dxc4 14. Nxc4
Qd5+ 15. f3 Rfd8 16. Bf2 Qxd1 17. Rfxd1 Ne8 18. e4 Rac8 19. a4 Bh6 20. f4 g5 21.
Kf3 f6 22. Ne3 gxf4 23. gxf4 Nd6 24. Nd5 Kf7 25. Bh4 Rxc1 26. Rxc1 Rc8 27. Rxc8
Nxc8 28. e5 f5 29. b4 Bf8 30. Be1 h6 31. b5 e6 32. Nf6 Be7 33. Nd7 Ke8 34. Nb8
Kd8 35. Nc6+ Kd7 36. Bb4 Bxb4 37. Nxb4 Ne7 38. Ke3 Kc7 39. Kd4 Kd7 40. Kc4 Kc7
41. Kd3 Kd7 42. Ke3 Kc7 43. Kf3 Kd7 44. Kg3 Kc7 45. Kh4 Ng6+ 46. Kh5 Nxf4+ 47.
Kxh6 Nh3 48. Kh5 Nf4+ 49. Kg5 Nh3+ 50. Kh4 Nf4 51. Kg3 Ng6 52. Nd3 Kd7 53. h4
Ke8 54. h5 Ne7 55. Nb4 Kf7 56. Kf4 Kg7 57. Kg5 Kh7 58. Kf6 Ng8+ 59. Kxe6 f4 60.
Nd3 f3 61. Kf7 Nh6+ 62. Kf8 Ng4 63. e6 Ne5 64. Nf2 Kh6 65. e7 Nd7+ 66. Kg8 Nf6+
67. Kf7 Kg5 68. h6 1-0

[Event "Olimpiade 2024 - Donne"]
[Site "Budapest"]
[Date "18.09.2024"]
[Round "7.51"]
[Board "2"]
[White "Ndirangu, Nyaruai, Joyce"]
[Black "Toth, Lili"]
[Result "0-1"]
[WhiteTitle "WCM"]
[BlackTitle "WFM"]
[WhiteElo "1782"]
[BlackElo "2105"]
[WhiteTeam "Kenya"]
[BlackTeam "Hungary C"]
[WhiteFideId "10802886"]
[BlackFideId "17000084"]
[EventDate "2024.09.11"]

1. d4 Nf6 2. Nf3 d5 3. Bf4 e6 4. e3 c5 5. c3 Nc6 6. Nbd2 cxd4 7. exd4 Nh5 8. Bg3
Nxg3 9. hxg3 g6 10. Bb5 Qb6 11. Qe2 Bg7 12. Nb3 O-O 13. Bd3 e5 14. dxe5 Bg4 15.
O-O-O Nxe5 16. Nbd4 Rac8 17. Qd2 Nxf3 18. Nxf3 d4 19. c4 Qf6 20. Qf4 Qxf4+ 21.
gxf4 b5 22. b3 Rfe8 23. Kb1 b4 24. Rde1 Bxf3 25. gxf3 f5 26. Reg1 Rc5 27. Rg5
Bf6 28. Rg2 Re7 29. Kb2 Rg7 30. a3 bxa3+ 31. Kxa3 Ra5+ 32. Kb2 Rb7 33. Rb1 Be7
34. Rgg1 Bb4 35. Kc1 Bc3 36. Kd1 Kf7 37. Rh1 h5 38. Ke2 Ra2+ 39. Kf1 Rd2 40.
Bxf5 gxf5 41. Rxh5 Kg6 42. Rg5+ Kf6 43. Kg2 Rg7 44. c5 Rxg5+ 45. fxg5+ Kxg5 46.
b4 d3 47. c6 Bd4 48. c7 Rxf2+ 49. Kh1 Rc2 50. Rd1 Rxc7 51. Rxd3 Bb6 52. Kg2 Kf4
53. Rd5 Rc2+ 54. Kh3 Rf2 55. b5 Rxf3+ 56. Kg2 Rb3 57. Kh2 Ke4 58. Rd7 Rxb5 59.
Re7+ Kf3 60. Rg7 f4 61. Rh7 Rb2+ 62. Kh1 Rb1+ 0-1

[Event "Olimpiade 2024 - Donne"]
[Site "Budapest"]
[Date "18.09.2024"]
[Round "7.51"]
[Board "3"]
[White "Gombocz, Zsofia"]
[Black "Karanja, Ether"]
[Result "1-0"]
[WhiteTitle "WFM"]
[WhiteElo "2061"]
[BlackElo "1637"]
[WhiteTeam "Hungary C"]
[BlackTeam "Kenya"]
[WhiteFideId "763314"]
[BlackFideId "10819282"]
[EventDate "2024.09.11"]

1. e4 e6 2. d4 d5 3. Nd2 c5 4. exd5 Qxd5 5. dxc5 Bxc5 6. Ngf3 Qd8 7. Bc4 Nf6 8.
Qe2 Nc6 9. O-O O-O 10. Ne4 Nxe4 11. Qxe4 Qf6 12. Bd3 g6 13. Bg5 Qg7 14. Qh4 h5
15. Bf6 Qh6 16. Rad1 Re8 17. Bb5 e5 18. Nxe5 Bf5 19. Nxc6 bxc6 20. Bxc6 Rec8 21.
Bxa8 Rxa8 22. Qg5 Qxg5 23. Bxg5 Rb8 24. Bf6 Bf8 25. c4 1-0

[Event "Olimpiade 2024 - Donne"]
[Site "Budapest"]
[Date "18.09.2024"]
[Round "7.51"]
[Board "4"]
[White "Ingado, Mercy"]
[Black "Sipos, Stefania"]
[Result "0-1"]
[BlackTitle "WCM"]
[WhiteElo "1645"]
[BlackElo "1993"]
[WhiteTeam "Kenya"]
[BlackTeam "Hungary C"]
[WhiteFideId "10806601"]
[BlackFideId "17014239"]
[EventDate "2024.09.11"]

1. e4 e5 2. Nf3 Nc6 3. d4 exd4 4. Nxd4 Bc5 5. Be3 Qf6 6. c3 Nge7 7. Qd2 O-O 8.
Nb5 Bxe3 9. Qxe3 a6 10. Nxc7 Rb8 11. Bd3 Qd6 12. Nd5 Nxd5 13. exd5 Qxd5 14. O-O
b5 15. Nd2 Bb7 16. Nf3 Rfe8 17. Qd2 Ne5 18. Bxh7+ Kxh7 19. Qxd5 Bxd5 20. Nd4 Nc6
21. Nf5 Re2 22. b3 Be6 23. Ne3 Ne5 24. Rfe1 Rxe1+ 25. Rxe1 Ng4 26. Nxg4 Bxg4 27.
f3 Be6 28. Kf2 Rc8 29. Rc1 d5 30. Ke3 b4 31. Kd4 Kg6 32. f4 bxc3 33. Rc2 Bf5 34.
Rxc3 Rxc3 35. Kxc3 Bb1 36. a4 Kf5 37. g3 Ke4 38. a5 d4+ 39. Kd2 Kd5 40. Kc1 Bf5
41. Kd2 Kc5 0-1

[Event "Olimpiade 2024 - Donne"]
[Site "Budapest"]
[Date "18.09.2024"]
[Round "7.52"]
[Board "1"]
[White "De Blecourt, Sandra"]
[Black "Ghitza, Elena"]
[Result "1-0"]
[WhiteTitle "CM"]
[WhiteElo "2065"]
[BlackElo "1817"]
[WhiteTeam "Denmark"]
[BlackTeam "Malta"]
[WhiteFideId "1004948"]
[BlackFideId "5603315"]
[EventDate "2024.09.11"]

1. d4 d5 2. c4 c6 3. cxd5 cxd5 4. Bf4 Nc6 5. Nc3 a6 6. e3 Nf6 7. Bd3 e6 8. Rc1
Bb4 9. Nf3 O-O 10. O-O h6 11. h3 Na5 12. Ne2 Bd6 13. Bxd6 Qxd6 14. Ne5 b5 15. b3
Bd7 16. Bb1 Rfc8 17. Qd3 Nc6 18. Ng4 Ne4 19. f3 Nb4 20. Qd1 Rxc1 21. Qxc1 Rc8
22. Qb2 Ng3 23. Nxg3 Qxg3 24. Ne5 Be8 25. Rc1 Nc6 26. Nd3 Qd6 27. Rc5 Ne7 28. b4
Bd7 29. Qc3 g6 30. Bc2 Rxc5 31. Nxc5 Nf5 32. Bxf5 gxf5 33. f4 f6 34. Kf2 Kf7 35.
Kf3 Ke8 36. Qe1 Qe7 37. Nxa6 Kd8 38. Qc3 Be8 39. Qc5 Bh5+ 40. Kf2 Qd7 41. Qf8+
Be8 42. Qxf6+ Kc8 43. Nc5 Qa7 44. Qxe6+ Kc7 45. Qxe8 1-0

[Event "Olimpiade 2024 - Donne"]
[Site "Budapest"]
[Date "18.09.2024"]
[Round "7.52"]
[Board "2"]
[White "Farrugia, Jamie"]
[Black "Kakulidis, Ellen"]
[Result "0-1"]
[WhiteTitle "WFM"]
[BlackTitle "WFM"]
[WhiteElo "1733"]
[BlackElo "2048"]
[WhiteTeam "Malta"]
[BlackTeam "Denmark"]
[WhiteFideId "5600898"]
[BlackFideId "1444972"]
[EventDate "2024.09.11"]

1. e4 e5 2. Nf3 Nc6 3. Bc4 Nf6 4. Ng5 d5 5. exd5 Na5 6. Bb5+ Bd7 7. Qe2 Bd6 8.
Bxd7+ Qxd7 9. Nc3 c6 10. dxc6 Nxc6 11. O-O O-O 12. Nce4 Nxe4 13. Qxe4 f5 14.
Qd5+ Kh8 15. d3 h6 16. Nf3 Rae8 17. Be3 e4 18. Bf4 Rf6 19. Nh4 Nb4 20. Qb3 Bxf4
21. Qxb4 Bg5 22. g3 Bxh4 23. gxh4 Rg6+ 24. Kh1 exd3 25. cxd3 Qc6+ 26. f3 Qc2 27.
Rg1 Re2 28. Qf4 Reg2 29. Rad1 Qf2 30. Qb8+ Kh7 31. Qxa7 Rxh2# 0-1

[Event "Olimpiade 2024 - Donne"]
[Site "Budapest"]
[Date "18.09.2024"]
[Round "7.52"]
[Board "3"]
[White "Guindy, Esmat Susanne"]
[Black "Stagno, Milena"]
[Result "1/2-1/2"]
[WhiteTitle "WFM"]
[WhiteElo "2015"]
[BlackElo "1664"]
[WhiteTeam "Denmark"]
[BlackTeam "Malta"]
[WhiteFideId "1401637"]
[BlackFideId "5602289"]
[EventDate "2024.09.11"]

1. d4 d5 2. Nf3 Nf6 3. g3 Bf5 4. Bg2 c6 5. O-O h6 6. c4 e6 7. Qb3 Qb6 8. c5 Qxb3
9. axb3 Nbd7 10. b4 a6 11. Nc3 O-O-O 12. b5 cxb5 13. Bf4 g5 14. Be5 Bg7 15. Bd6
Nb8 16. Ne5 Bg6 17. Nxb5 axb5 18. Ra8 Nd7 19. c6 bxc6 20. Nxc6 Kb7 21. Nxd8+
Rxd8 22. Ra5 Kb6 23. e3 Bf8 24. Bxb8 Nxb8 25. Rfa1 Nc6 26. Ra6+ Kb7 27. Bf1 b4
28. Bb5 Rc8 29. Bxc6+ Rxc6 30. Ra7+ Kb6 31. b3 Bd6 1/2-1/2

[Event "Olimpiade 2024 - Donne"]
[Site "Budapest"]
[Date "18.09.2024"]
[Round "7.52"]
[Board "4"]
[White "Portelli, Martina"]
[Black "Durrfeld, Sofie Bech"]
[Result "0-1"]
[WhiteElo "1523"]
[BlackElo "1937"]
[WhiteTeam "Malta"]
[BlackTeam "Denmark"]
[WhiteFideId "5601851"]
[BlackFideId "1451324"]
[EventDate "2024.09.11"]

1. e4 c5 2. c3 Nf6 3. e5 Nd5 4. d4 cxd4 5. cxd4 g6 6. Nf3 Bg7 7. Bc4 Nb6 8. Bb3
d6 9. O-O Nc6 10. exd6 Qxd6 11. Be3 O-O 12. Nc3 Bg4 13. h3 Bxf3 14. Qxf3 Nxd4
15. Qxb7 Nxb3 16. axb3 Rfb8 17. Qf3 Qf6 18. Qe4 Qe5 19. Qf3 Qe6 20. b4 Nc4 21.
Rfe1 Qf6 22. Qxf6 Bxf6 23. Nd5 Rb7 24. Nxf6+ exf6 25. Bd4 f5 26. Ra6 Rd7 27. Bc3
Nb6 28. Ra5 Nd5 29. Kf1 Rc8 30. Rd1 Ne3+ 31. fxe3 Rxd1+ 32. Ke2 Rd7 33. Bd4 Kf8
34. Bxa7 Rc2+ 35. Kf3 Rdd2 36. Bc5+ Ke8 37. e4 fxe4+ 38. Kxe4 Rxb2 39. Ra8+ Rd8
40. Ra7 Re2+ 41. Kf3 Re5 42. Kf4 Re6 43. Kg5 Rd7 44. Ra8+ Rd8 45. Ra7 Rd2 46.
Ra8+ Kd7 47. Ra7+ Kc6 48. Rxf7 Rxg2+ 49. Kh6 Rg3 50. Kxh7 Rxh3+ 51. Kg7 g5 52.
Rf1 g4 53. Rg1 g3 54. Rg2 Kb5 55. Kf7 Ra6 0-1